Statistics for Countries by Military Spending Per Capita

Click here to take the quiz!

General Stats

  • This quiz has been taken 107 times
  • The average score is 8 of 15

Answer Stats

Amount USD$Country% Correct
1,859United States
98%
1,066United Kingdom
87%
1,882Israel
78%
977France
72%
6,909Saudi Arabia
69%
893Australia
64%
1,289Kuwait
52%
912Bahrain
43%
759Netherlands
43%
1,230Greece
40%
2,385Singapore
40%
804Denmark
38%
1,245Norway
37%
809Luxembourg
28%
866Brunei
19%

Score Distribution

Percentile by Number Answered

Percent of People with Each Score

Your Score History

You have not taken this quiz